| 000 | 01059nam a2200277 i 4500 | ||
|---|---|---|---|
| 003 | EG-ScBUE | ||
| 005 | 20240102093126.0 | ||
| 008 | 120412s2007 ua f 000 0 ara d | ||
| 017 | _a2005 / 18853 | ||
| 020 | _a9772794446 | ||
| 040 |
_aEG-ScBUE _bara _erda _cEG-ScBUE _dEG-ScBUE |
||
| 043 | _af-ua--- | ||
| 082 | 0 | 4 |
_a956.04862 _bم ن ظ _222 |
| 100 | 1 |
_929640 _aمنظور ، فاروق، _eمؤلف. |
|
| 245 | 1 | 2 |
_aالمفاجأة : _bهذا الذي حدث : قصة معركة / _cلواء أركان حرب فاروق منظور. |
| 250 | _aالطبعة الأولى. | ||
| 264 | 1 |
_aالقاهرة : _bدار الأمين للنشر والتوزيع، _c2007. |
|
| 300 |
_a531 صفحة ؛ _c22 سم |
||
| 336 |
_2rdacontent _aنص _btxt |
||
| 337 |
_aبدون وسيط _2rdamedia _bn |
||
| 338 |
_aمجلد _bnc _2rdacarrier |
||
| 650 | 7 |
_914953 _aحرب أكتوبر 1973م _zمصر. _2BUEsh |
|
| 651 | 7 |
_914954 _aمصر _xتاريخ _yالعصر الحديث _yأنور السادات (1970-1981). _2BUEsh |
|
| 655 | _vReading book | ||
| 942 |
_2ddc _cBB |
||
| 999 |
_c16656 _d16656 |
||